| 000 | 00719pam a2200229 a 4500 | ||
|---|---|---|---|
| 001 | 2030961 | ||
| 005 | 20231115024945.0 | ||
| 008 | 920427s1993 nyu b 001 0 eng | ||
| 020 | _a0415904501 (acidfree paper) | ||
| 020 | _a041590451X (pb) | ||
| 040 |
_aDLC _cDLC _dDLC |
||
| 082 | 0 | 0 |
_a305.42/01 _220 |
| 245 | 0 | 0 |
_aFeminist epistemologies / _cedited and with an introduction by Linda Alcoff and Elizabeth Potter. |
| 260 |
_aNew York : _bRoutledge, _c1993. |
||
| 300 | _avii, 312 p. ; | ||
| 650 | 0 | _aFeminist theory. | |
| 650 | 0 | _aKnowledge, Theory of. | |
| 700 | 1 |
_aAlcoff, Linda. _eedt |
|
| 700 | 1 |
_aPotter, Elizabeth. _eedt |
|
| 856 | 4 | 2 | _uhttp://www.loc.gov/catdir/enhancements/fy0647/92011309-d.html |
| 942 | _cL | ||
| 999 |
_c10 _d10 |
||